000 00206 a2200097 4500
001 3892
100 _aReyner, J.H
245 _aTelevision theory & practice
260 _a
_bChapman
_c
090 _c3122
_d3122
942 _aNUST-CAE
_cM
_c23581
999 _c238965
_d238965